000 00665nam a2200253Ia 4500
003 OSt
005 20220918214513.0
006 a|||||r|||| 00| 0
007 ta
008 220917b |||||||| |||| 00| 0 eng d
024 _a137,726
037 _cTextual
040 _aARTS
_cARTS
_beng
041 _2eng
_aeng
082 _aY:356.73.N45, M0
100 _aBanks Ann Ed
_9131532
245 0 _aFirst Person America
260 _aNew York
_bAlfred A Knopf
_c1980
300 _axxv, 287p.
_ccm.
500 _aBibliography p273-278
650 _aSOCIOLOGY
942 _hY:356.73.N45, M0
_cTEXL
_2CC
999 _c260805
_d260805